000 00577nam a2200133 a 4500
001 000036535
005 20200930075803.0
008 120119s2003 cu ac 000 0 spa d
040 _aDO-SdBNP
_bspa
_cBNPHU
082 _axxxx
_bT764
245 0 0 _aTráfico ilícito de bienes culturales en América Latina y el Caribe.
260 _aLa Habana, Cuba :
_bUNESCO :
_bOficina Regional de Cultura para América Latina y el Caribe, representación ante Cuba, Aruba y República Dominicana, Oficina Cabeza del Grupo de Países del Caribe,
_c2003.
300 _a83 p. :
_bils., retr. ;
_c31 cm.
999 _c36026
_d36026